Psicoterapia y relaciones humanas : teoría y práctica de la terapia no directiva : exposición general /

-д хадгалсан:
Номзүйн дэлгэрэнгүй
Үндсэн зохиолч: Rogers, Carl R. (autor)
Бусад зохиолчид: Kinget, G. Marian (autor) (autor)
Формат: Ном
Хэл сонгох:испани
Хэвлэсэн: Madrid, España : Alfaguara, 1967, c1967
Цуврал:(Hombres, Hechos e Ideas ; 14)
Нөхцлүүд:
Шошгууд: Шошго нэмэх
Шошго байхгүй, Энэхүү баримтыг шошголох эхний хүн болох!

MARC

LEADER 00000nam^a2200000^a^4500
001 000270707
005 20250521000000.0
009 20260310111004.265
037 |a Acervo Xavier Clavigero 
041 |a ESP 
082 |a 616. 89146  |b ROG V. 1 
100 |a Rogers, Carl R.  |e (autor) 
240 1 1 |a [Psicoterapia y relaciones humanas] 
245 1 0 |a Psicoterapia y relaciones humanas :  |b teoría y práctica de la terapia no directiva : exposición general /  |c C.R. Rogers, G.M. Kinget ; tr. por Mercedes Valcarce. 
264 4 |a Madrid, España :  |b Alfaguara,  |c 1967, c1967 
300 |a XX, 365 p. 
336 |a texto  |b txt  |2 rdacontenido 
337 |a sin mediación  |b n  |2 rdamedio 
338 |a volumen  |b nc  |2 rdasoporte 
440 1 |a (Hombres, Hechos e Ideas ;  |v 14) 
500 |a Traducción de: Psychothérapie et relations humaines 
649 |a XX 
650 |a Terapia Centrada en la Persona -  |x Tema Principal 
650 |a Terapia Centrada en la Persona -  |x Teoría 
650 |a Relación Terapéutica 
650 |a Personalidad 
650 |a Comunicación Personal 
650 |a Psicoterapia 
650 |a Psicología Clínica 
700 |a Kinget, G. Marian  |e (autor) 
910 |a Fondo General 
920 |a Impresos - Libros 
930 |a Colección General 
905 |a 101 
901 |a 005964  |b IT1  |c ACC  |u 20250521 
902 |a https://opac.biblio.iteso.mx/vufind/Record/000270707